000 00369nam a2200157Ia 4500
008 230917s9999||||xx |||||||||||||| ||und||
040 _e43148
_aMAIN
041 _aEnglish
082 _a940.28 E38E
100 _aErgang, Robert
245 0 _aEurope since waterloo
250 _a3rd ed.
260 _aDelhi
_bSurjeet
_c1981
300 _axviii, 952 p.
942 _cBK
999 _c217757
_d217757